000 00588cam a2200217 4500
008 090401t1988 xxu||||| |||| 00| 0 eng d
020 _a0077070763
035 _a(Sirsi) u37416
041 _aeng
050 _a658.4
100 _aAdair, J.
245 _aDeveloping leaders: the ten key principles
260 _aMaidenhead,Berks
_bMcGraw Hill Book Company (UK) Limited
_c1988
300 _a217p. : ill. ; 22cm.
350 _a13.95
520 _aCo-published with the Talbot Adair Press .
650 _aLEADERSHIP
650 _aMANAGEMENT
942 _n0
948 _c04/03/1997
999 _c90477
_d90477